000 00311nam a2200157Ia 4500
100 _aGodbole/Nina
650 _aSecurity
942 _cBK
366 _f20
245 _aCyber Security
260 _bWiley India
_c2011
082 _a5.8
_bGOD
300 _a570
546 _aENGLISH
_cComputers
999 _c26110
_d26110